El tiempo en la historia: la evolución de nuestro sentido del tiempo y de la perspectiva temporal

Na minha lista:
Detalhes bibliográficos
Autor principal: Whitrow, G. J (Autor)
Formato: Livro
Idioma:espanhol
Publicado em: Barcelona, España Crítica 1990
coleção:Crítica Historia y Teoría
Assuntos:
Tags: Adicionar Tag
Sem tags, seja o primeiro a adicionar uma tag!

MARC

LEADER 00000nam a2200000 a 4500
001 UCU9128
003 CL-VaPUC
005 20241111122102.0
008 960809e19900000SP |||||||||||||||||spa|d
999 |c 251009  |d 251007 
040 |c Pontificia Universidad Católica de Valparaíso 
082 0 4 |a 907.2 WHI 1990  |2 21 
100 0 |a Whitrow, G. J  |e author  |9 368183 
245 1 3 |a El tiempo en la historia:  |b  la evolución de nuestro sentido del tiempo y de la perspectiva temporal 
260 |a Barcelona, España  |b Crítica  |c 1990 
300 |a 261 páginas 
490 0 |a Crítica Historia y Teoría 
583 |a last modification  |c 19960809 00:00:00  |k Rodrigo Vera 
650 0 |a Historiografía   |9 257871 
650 0 |a Prehistoria  |9 316557 
650 7 |a EDAD ANTIGUA  |2 CL-VaPUC  |9 338313 
650 0 |a Edad media  |9 258041 
650 0 |a Renacimiento  |9 255107 
650 0 |a Cambio tecnológico  |9 334821 
650 0 |a Relojes  |9 368184 
650 7 |a MEDICION E INSTRUMENTOS DE MEDICION DEL TIEMPO  |2 CL-VaPUC  |9 344501 
650 7 |a CALENDARIOS  |2 CL-VaPUC  |9 352246 
650 0 |a Industrialización  |9 263687 
650 0 |a Sociedad contemporánea  |9 337179 
651 0 |a Egipto   |9 268199 
651 0 |a Grecia  |9 265314 
651 7 |a BABILONIA  |2 CL-VaPUC  |9 322408 
651 0 |a Roma   |9 255106 
651 0 |a Europa  |9 255156 
942 |c BK  |2 ddc 
945 |d 19960809 00:00:00  |a rbrito 
952 |0 0  |1 0  |2 ddc  |4 0  |6 907_200000000000000_WHI_1990  |7 0  |8 A  |9 269897  |a BIBHIS  |b BIBHIS  |d 2019-11-19  |i 3218619  |o 907.2 WHI 1990  |p 3218619  |r 2025-01-20  |t 1  |w 2019-11-19  |y BK  |k HIS 
952 |0 0  |1 0  |2 ddc  |4 0  |6 907_200000000000000_WHI_1990  |7 0  |8 A  |9 269898  |a BIBHIS  |b BIBHIS  |d 2019-11-19  |i 3798828  |o 907.2 WHI 1990  |p 3798828  |r 2025-01-20  |t 2  |w 2019-11-19  |y BK  |k HIS 
952 |0 0  |1 0  |2 ddc  |4 0  |6 907_200000000000000_WHI_1990  |7 0  |8 A  |9 269899  |a BIBHIS  |b BIBHIS  |d 2019-11-19  |i 3798836  |l 1  |o 907.2 WHI 1990  |p 3798836  |r 2025-01-20  |s 2022-10-12  |t 3  |w 2019-11-19  |y BK  |k HIS